Capitals-Sudden Death-Extreme - Statistics

General Stats
  • This quiz has been taken 2,719 times
    1,520 since last reset
  • The average score is 53 of 100
Answers on the Grid
Answers color-coded by a green-red scale on the quiz's grid according to % correct below.
Kabul
Algiers
Luanda
Buenos Aires
Yerevan
Canberra
Vienna
Nassau
Manama
Minsk
Brussels
La Paz
Brasilia
Sofia
Sarajevo
Ouagadougou
Ottawa
Santiago
Beijing
Bogota
Kinshasa
San Jose
Zagreb
Nicosia
Prague
Copenhagen
Djibouti
Dili
Quito
Cairo
San Salvador
London
Tallinn
Addis Ababa
Suva
Helsinki
Paris
Tbilisi
Berlin
Athens
Guatemala City
Port au Prince
Georgetown
Tegucigalpa
Budapest
Reykjavik
New Delhi
Jakarta
Baghdad
Dublin
Tehran
Rome
Tokyo
Astana
Nairobi
Kuwait City
Vientiane
Bishkek
Riga
Beirut
Tripoli
Antananarivo
Kuala Lumpur
Nouakchott
Ulaanbaatar
Rabat
Maputo
Kathmandu
Amsterdam
Abuja
Pyongyang
Skopje
Oslo
Muscat
Asuncion
Lima
Manila
Warsaw
Washington D.C
Lisbon
Bucharest
Moscow
Dakar
Belgrade
Riyadh
Ljubljana
Honiara
Mogadishu
Madrid
Bern
Damascus
Stockholm
Taipei
Bangkok
Kyiv
Harare
Sana'a
Ankara
Funafuti
Bridgetown
Kyoto
Osaka
New York City
Boston
Miami
Chicago
Los Angeles
Houston
Toronto
Montreal
Vancouver
Rio De Janeiro
Madinah
Cusco
Merida
Cancun
São Paulo
Cali
Guayaquil
Rosario
Lagos
Johannesburg
Alexandria
Casablanca
Jeddah
Dubai
Isfahan
Istanbul
Thessaloniki
Kharkiv
Kraków
Bergen
Hamburg
Frankfurt
Munich
Bremen
Rotterdam
Antwerp
Cork
Lyon
Marseille
Geneva
Zürich
Belfast
Glasgow
Liverpool
Manchester
Birmingham
Edinburgh
Karachi
Mumbai
Ho Chi Minh City
Shanghai
Hong Kong
Yangon
Hyberabad
Kolkata
Milan
Venice
Florence
Naples
Turin
Saint Petersburg
Nizhny Novgorod
Omsk
Almaty
Ürümqi
Hiroshima
Nagasaki
Nanjing
Chongqing
Xi'an
Shenzhen
Guangzhou
Brisbane
Sydney
Perth
Darwin
Melbourne
Auckland
Surabaya
Kano
Timbuktu
Nuuk
Gdańsk
Gothenburg
Cardiff
Porto
Barcelona
Valencia
Novi Sad
Békéscsaba
Lviv
Vladivostok
Volgograd
Irtutsk
Wuhan
Davao
Bata
St Patrick's
 
Answer Stats
Answer % Correct
Moscow
60%
Athens
59%
Kyiv
59%
Madrid
59%
Paris
59%
Prague
59%
Vienna
59%
Bucharest
58%
Helsinki
58%
London
58%
Reykjavik
58%
Rome
58%
Tehran
58%
Tokyo
58%
Washington D.C
58%
Amsterdam
57%
Baghdad
57%
Brasilia
57%
Buenos Aires
57%
Lisbon
57%
Oslo
57%
Stockholm
57%
Ankara
56%
Bangkok
56%
Brussels
56%
Budapest
56%
Kuwait City
56%
Lima
56%
Nairobi
56%
Riga
56%
Sofia
56%
Warsaw
56%
Zagreb
56%
Berlin
55%
Bogota
55%
Cairo
55%
Copenhagen
55%
Dublin
55%
Ljubljana
55%
Manila
55%
Minsk
55%
Pyongyang
55%
Riyadh
55%
Tbilisi
55%
Algiers
54%
Beirut
54%
Belgrade
54%
Canberra
54%
Damascus
54%
Kabul
54%
Kuala Lumpur
54%
Port au Prince
54%
Santiago
54%
Skopje
54%
Tallinn
54%
Ulaanbaatar
54%
Beijing
53%
Ottawa
53%
Sarajevo
53%
Addis Ababa
52%
Guatemala City
52%
Jakarta
52%
La Paz
52%
New Delhi
52%
Quito
52%
Rabat
52%
Bern
51%
Dakar
51%
Djibouti
51%
Kinshasa
51%
Sana'a
51%
Tripoli
51%
Nassau
50%
Nicosia
50%
San Salvador
50%
Taipei
50%
Yerevan
50%
Abuja
49%
Asuncion
49%
Kathmandu
49%
Antananarivo
48%
Bishkek
48%
Muscat
48%
Ouagadougou
48%
Dili
47%
Georgetown
47%
Luanda
47%
Astana
46%
Harare
46%
Mogadishu
46%
Manama
45%
Maputo
44%
Vientiane
44%
Suva
43%
Tegucigalpa
43%
Bridgetown
42%
San Jose
42%
Funafuti
40%
Nouakchott
40%
Honiara
39%
No matching quizzes found
Score Distribution
Percent of People with Each Score
Percentile by Number Answered
Your Score History
You have not taken this quiz since the last reset